Statistics for US vs UK: Vocabulary

Click here to take the quiz!

General Stats

  • This quiz has been taken 1,606 times
  • The average score is 15 of 24

Answer Stats

HintAnswer% Correct
EraserRubber
89%
VacationHoliday
86%
Garbage canRubbish bin
86%
MommyMummy
85%
DiaperNappy
83%
Trunk (of a car)Boot
82%
FlashlightTorch
81%
MathMaths
80%
Gas stationPetrol station
78%
Hood (of a car)Bonnet
71%
Period (Punctuation)Full Stop
70%
FaucetTap
70%
CounterclockwiseAnticlockwise
67%
Parking lotCar park
65%
Cotton candyCandy floss
64%
LadybugLadybird
59%
Pacifier (for a baby)Dummy
55%
WindshieldWindscreen
47%
Fanny packBum bag
41%
Dish towelTea towel
40%
Teeter-totterSeesaw
39%
Lumber (wood)Timber
36%
BroilGrill
19%
Quarter note (music)Crotchet
15%

Score Distribution

Percentile by Number Answered

Percent of People with Each Score

Your Score History

You have not taken this quiz